MARC

LEADER 00000nam0a2200000 4500
001 294273
005 20231102000659.0
010 |a 5902350018 
010 |a 5-902350-10-7 
035 |a (RuTPU)RU\TPU\book\319328 
035 |a RU\TPU\book\319327 
090 |a 294273 
100 |a 20150512d2014 m y0rusy50 ca 
101 0 |a rus 
102 |a RU 
105 |a c z 000ay 
200 1 |a Избранное  |f М. Л. Халфина  |g сост. В. Крюков 
210 |a Томск  |c Томская писательская организация  |d 2014 
215 |a 399 с.  |c портр. 
225 1 |a Томская классика  |v Т. 6 
606 1 |a Русская литература современная  |2 stltpush  |3 (RuTPU)RU\TPU\subj\26373  |9 50316 
610 1 |a повести 
610 1 |a рассказы 
610 1 |a женская проза 
675 |a Р2  |v 3 
700 1 |a Халфина  |b М. Л.  |c российский писатель  |c деятель библиотечного дела  |f 1908-1988  |g Мария Леонтьевна  |2 stltpush  |3 (RuTPU)RU\TPU\pers\18945 
702 1 |a Крюков  |b В.  |4 220 
801 1 |a RU  |b 63413507  |c 20150512 
801 2 |a RU  |b 63413507  |c 20150521  |g RCR 
942 |c BK